| 000 | 01163cab a2200229 4500 | ||
|---|---|---|---|
| 001 | L130399 | ||
| 008 | 050725n2005 000 0 eng u | ||
| 035 | _a(Sirsi) u130399 | ||
| 041 | _aeng | ||
| 100 | _aJones, Gregory | ||
| 245 | _aPlanning and access to information part 1 | ||
| 260 | _c2005 | ||
| 490 |
_aPlanning in London _v(54) July 2005, 12-14(3), 21-23(3) |
||
| 520 | _aThe first of three articles explaining the effect of the Freedom of Information Act 2000 (FOI) addresses the scope of the Environmental Information Regulations 2004 (EIR), their relationship with the Aarhus Convention, Directive 2003/4/EC on public access to environmental information and the FOI. Outlines the Aarhus convention and discusses its implementation. Asserts that it would be a mistake to assume that Directive 2003/4/EC was simply an Aarhus product. Considers the relationship between the EIR and the FOI. | ||
| 590 | _aIKA020805 | ||
| 650 | _aFREEDOM OF INFORMATION ACT 2000 | ||
| 650 | _aENVIRONMENTAL INFORMATION REGULATIONS 2004 | ||
| 650 | _aAARHUS CONVENTION | ||
| 650 | _aDIRECTIVE2003/4/EC | ||
| 690 |
_aPlanning and development _96259 |
||
| 942 | _n0 | ||
| 999 |
_c75599 _d75599 |
||